01187nam a2200301 i 4500001000300000003000400003005001700007008003900024015001800063020001500081040001400096041000800110080002000118100004000138245013200178250005700310260004100367300002600408336002700434337005400461338002800515500013100543504001200674650003700686650003200723710003200755856009800787bgBPK20230125141537.0010705s2001 pl f |001 0 pol aPB 2001/10793 a8388296728 aWA NcBPK0 apol a347.91/.95(438)1 aŚwieboda, Zdzisławd(1931-2005).10aKomentarz do kodeksu postępowania cywilnego.nCz. 2,pPostępowanie zabezpieczające i egzekucyjne /cZdzisław Świeboda. aWyd. 2, wg stanu prawnego na dzień 15 maja 2001 r. aWarszawa :bWydaw. Prawnicze,c2001. a495, [1] s. ;c25 cm. 2rdacontentaTekstbtxt 2rdamediaaBez urządzenia pośredniczącegobn 2rdacarrieraWoluminbnc aWyd. 1 pt.: Postępowanie zabezpieczające i egzekucyjne : komentarz do części drugiej kodeksu postępowania cywilnego. aIndeks. 4aPostępowanie zabezpieczające 4aEgzekucja sądowazPolska.2 aWydawnictwo Prawnicze4pbl. uhttp://koha.tu.koszalin.pl/cgi-bin/koha/opac-detail.pl?biblionumber=39763yKatalog online BPK